La cadena (Record no. 135444)

MARC details
000 -LEADER
campo de control de longitud fija 00468nam a2200169 i 4500
001 - NÚMERO DE CONTROL
campo de control 135444
003 - IDENTIFICADOR DE NÚMERO DE CONTROL
campo de control ES-MaACL
005 - FECHA Y HORA DE LA ÚLTIMA TRANSACCIÓN
campo de control 20250930063120.0
007 - CAMPO FIJO DE DESCRIPCIÓN FÍSICA--INFORMACIÓN GENERAL
campo de control de longitud fija t|
008 - DATOS DE LONGITUD FIJA--INFORMACIÓN GENERAL
campo de control de longitud fija 070718s1918 sp ||||1| spa d
100 1# - ENTRADA PRINCIPAL--NOMBRE DE PERSONA
Nombre de persona Toral, José,
Fechas asociadas al nombre 1874-1935
9 (RLIN) 159961
245 13 - MENCIÓN DEL TÍTULO
Título La cadena
Resto del título : novela /
Mención de responsabilidad, etc. José Toral.
260 ## - PUBLICACIÓN, DISTRIBUCIÓN, ETC.
Lugar de publicación, distribución, etc. Madrid :
Nombre del editor, distribuidor, etc. [Viuda de Prudencio Pérez],
Fecha de publicación, distribución, etc. 1918.
300 ## - DESCRIPCIÓN FÍSICA
Extensión 333 p. ;
Dimensiones 19 cm.
852 ## - LOCALIZACIÓN
Ubicación ES-MaACL
Número de control de estantería F-6977
Holdings
Estatus retirado Estado de pérdida Estado de daño No para préstamo Biblioteca de origen Biblioteca actual Ubicación en estantería Fecha de adquisición Fuente de adquisición Total de préstamos Signatura topográfica completa Código de barras Visto por última vez Precio de reemplazo Tipo de ítem Koha
        Biblioteca del Ateneo de Madrid Biblioteca del Ateneo de Madrid Depósito 2 17/01/2008     F-6977 1140971 23/02/2023 23/02/2023 Libro impreso